000 00624pam a2200229 a 4500
001 4679242
005 20180205045738.0
008 810811s1982 nyu b 001 0 eng
010 _a 81013112
020 _a0471082961
040 _aDLC
_cDLC
_dDLC
041 _aeng
080 _a658 KEN
082 0 0 _a658 KEN
_219
100 1 _a54
101 _aMAN
245 1 4 _aThe Adaptive organization, anticipation and management of crisis /
_cKenyon B. De Greene.
504 _aBibliography: p. 373-381.
740 0 _aManagement of crisis.
906 _a7
_bcbc
_corignew
_d1
_eocip
_f19
_gy-gencatlg
942 _2ddc
_cBK
999 _c41741
_d41741